Miasta Polski z nazwami województw w nazwie - Statystyki

Ogólne statystyki
  • Ten quiz został rozwiązany 317 razy
    31 od ostatniego zresetowania
  • Średni wynik to 27 z 61
Statystyki odpowiedzi
Miasto % Poprawnych
Ostrów Wielkopolski
79%
Ruda Śląska
79%
Aleksandrów Łódzki
76%
Ostrów Mazowiecka
76%
Kamień Pomorski
72%
Ostrowiec Świętokrzyski
72%
Tomaszów Mazowiecki
72%
Biała Podlaska
69%
Gorzów Wielkopolski
69%
Mińsk Mazowiecki
69%
Piekary Śląskie
69%
Siemianowice Śląskie
66%
Aleksandrów Kujawski
62%
Grodzisk Mazowiecki
62%
Tomaszów Lubelski
62%
Lidzbark Warmiński
59%
Sędziszów Małopolski
59%
Sokołów Podlaski
59%
Środa Śląska
59%
Wodzisław Śląski
59%
Bielsk Podlaski
55%
Opole Lubelskie
55%
Radzyń Podlaski
52%
Grodzisk Wielkopolski
48%
Janów Lubelski
48%
Międzyrzec Podlaski
48%
Nowy Dwór Mazowiecki
48%
Rawa Mazowiecka
48%
Środa Wielkopolska
48%
Strzelce Opolskie
45%
Wysokie Mazowieckie
45%
Janów Podlaski
41%
Oborniki Śląskie
41%
Solec Kujawski
41%
Kalisz Pomorski
38%
Konstantynów Łódzki
38%
Miasteczko Śląskie
38%
Borek Wielkopolski
34%
Jaworzyna Śląska
34%
Brześć Kujawski
31%
Drawsko Pomorskie
31%
Izbica Kujawska
31%
Koźmin Wielkopolski
31%
Lwówek Śląski
31%
Maków Mazowiecki
31%
Sokołów Małopolski
31%
Gryfów Śląski
28%
Ożarów Mazowiecki
28%
Ząbkowice Śląskie
28%
Jabłonowo Pomorskie
24%
Ostrów Lubelski
24%
Piotrków Kujawski
24%
Głogów Małopolski
21%
Gorzów Śląski
17%
Kowalewo Pomorskie
17%
Krzyż Wielkopolski
17%
Książ Wielkopolski
17%
Ośno Lubuskie
17%
Stronie Śląskie
17%
Janowiec Wielkopolski
10%
Lubień Kujawski
7%
Nie znaleziono quizów pasujących do podanych kryteriów
Rozkład punktacji
Procent ludzi z każdym wynikiem
Percentyl według liczby udzielonych odpowiedzi
Twoja historia wyników
Nie rozwiązałeś tego quizu od ostatniego zresetowania